Ground water in the Meriden area, Connecticut / (Record no. 26088)
[ view plain ]
| 000 -LEADER | |
|---|---|
| fixed length control field | 01198cam a22002771 4500 |
| 001 - CONTROL NUMBER | |
| control field | gs 21000181 |
| 003 - CONTROL NUMBER IDENTIFIER | |
| control field | DLC |
| 005 - DATE AND TIME OF LATEST TRANSACTION | |
| control field | 20260227111325.0 |
| 007 - PHYSICAL DESCRIPTION FIXED FIELD--GENERAL INFORMATION | |
| fixed length control field | cr_||||||||||| |
| 008 - FIXED-LENGTH DATA ELEMENTS--GENERAL INFORMATION | |
| fixed length control field | 841001s1920 dcuabf f000 0 eng c |
| 010 ## - LIBRARY OF CONGRESS CONTROL NUMBER | |
| LC control number | gs 21000181 |
| 035 ## - SYSTEM CONTROL NUMBER | |
| System control number | (OCoLC)11216071 |
| 040 ## - CATALOGING SOURCE | |
| Original cataloging agency | U.S. Geol. survey. Library |
| Transcribing agency | CLS |
| Modifying agency | DLC |
| 050 00 - LIBRARY OF CONGRESS CALL NUMBER | |
| Classification number | TC801 |
| Item number | .U2 no. 449 |
| 051 ## - LIBRARY OF CONGRESS COPY, ISSUE, OFFPRINT STATEMENT | |
| Classification number | GB1025.C8 |
| Item number | W3 |
| 100 1# - MAIN ENTRY--PERSONAL NAME | |
| Personal name | Waring, Gerald A. |
| Fuller form of name | (Gerald Ashley), |
| Dates associated with a name | 1883- |
| 245 10 - TITLE STATEMENT | |
| Title | Ground water in the Meriden area, Connecticut / |
| Statement of responsibility, etc. | by Gerald A. Waring. |
| 260 ## - PUBLICATION, DISTRIBUTION, ETC. | |
| Place of publication, distribution, etc. | Washington : |
| Name of publisher, distributor, etc. | Govt. Print. Off., |
| Date of publication, distribution, etc. | 1920. |
| 300 ## - PHYSICAL DESCRIPTION | |
| Extent | 83 p., VII plates : |
| Other physical details | fold. maps, tables, diagrs. ; |
| Dimensions | 23 cm. |
| 440 #0 - SERIES STATEMENT/ADDED ENTRY--TITLE | |
| Title | U.S. Geological Survey water-supply paper ; |
| Volume/sequential designation | 449 |
| 501 ## - WITH NOTE | |
| With note | TC801.U2 no. 449 with: Surface water supply of the Pacific slope of southern California / by H.D. McGlashan. Washington : Govt. print off., 1921. Bound together subsequent to publication. |
| Institution to which field applies | DLC |
| 530 ## - ADDITIONAL PHYSICAL FORM AVAILABLE NOTE | |
| Additional physical form available note | Also available in digital form on the Internet Archive Web site. |
| 650 #0 - SUBJECT ADDED ENTRY--TOPICAL TERM | |
| Topical term or geographic name entry element | Water-supply |
| Geographic subdivision | Connecticut. |
| 710 2# - ADDED ENTRY--CORPORATE NAME | |
| Corporate name or jurisdiction name as entry element | State Geological and Natural History Survey of Connecticut. |
| 856 41 - ELECTRONIC LOCATION AND ACCESS | |
| Uniform Resource Identifier | <a href="http://hdl.loc.gov/loc.gdc/scd0001.00199536643">http://hdl.loc.gov/loc.gdc/scd0001.00199536643</a> |
No items available.